World Capitals - Sudden Death - Statistics

General Stats
  • This quiz has been taken 163 times
  • The average score is 8 of 15
Answers on the Grid
Answers color-coded by a green-red scale on the quiz's grid according to % correct below.
Manila
Paris
Ottawa
New York
Barcelona
Brasilia
Milano
Rio de Janeiro
Moscow
Cape Town
New Delhi
Milan
Ankara
Ryadh
Karachi
Nairobi
Casablanca
Rome
Istanbul
Dubaï
London
Shangai
Sydney
Madrid
Mexico City
Acapulco
Bangkok
Tokyo
Marseille
Rotterdam
 
Answer Stats
Answer % Correct
Paris
90%
Brasilia
85%
Manila
84%
Ottawa
84%
Moscow
79%
New Delhi
54%
Rome
41%
London
40%
Bangkok
39%
Ankara
38%
Mexico City
38%
Madrid
37%
Nairobi
34%
Tokyo
34%
Ryadh
31%
No matching quizzes found
Score Distribution
Percent of People with Each Score
Percentile by Number Answered
Your Score History
You have not taken this quiz